|
|
|
|
| LEADER |
00000nam0a2200000 4500 |
| 001 |
263658 |
| 005 |
20231101233747.0 |
| 010 |
|
|
|a 9785991634359
|
| 035 |
|
|
|a (RuTPU)RU\TPU\book\286646
|
| 090 |
|
|
|a 263658
|
| 100 |
|
|
|a 20140610d2014 m y0rusy50 ca
|
| 101 |
0 |
|
|a rus
|
| 102 |
|
|
|a RU
|
| 105 |
|
|
|a y j 001zy
|
| 200 |
1 |
|
|a Финансовое право
|e учебник для бакалавров
|f Российская академия наук (РАН), Институт государства и права (ИГП), Академический правовой институт (АПИ) ; под ред. С. В. Запольского
|
| 205 |
|
|
|a 3-е изд., перераб. и доп.
|
| 210 |
|
|
|a Москва
|c Юрайт
|d 2014
|
| 215 |
|
|
|a 576 с.
|
| 225 |
1 |
|
|a Бакалавр. Углубленный курс
|
| 320 |
|
|
|a Библиогр.: с. 571-575.
|
| 330 |
|
|
|a В учебнике излагаются основные понятия, принципы и методы финансового права, анализируются его нормы и источники, освещаются правовые вопросы финансового контроля и финансово-правовой ответственности, подробно исследуются отдельные институты и подотрасли финансового нрава Российской Федерации. Все институты этой отрасли права в учебнике сгруппированы в крупные разделы, что позволяет авторам более широко и комплексно осветить существо финансово-правового регулирования. При этом читателю предоставляется возможность сравнить точки зрения разных ученых на те или иные проблемы правового регулирования финансовых отношений. Настоящий учебник поможет студентам сформировать целостное представление о финансовом праве и финансовой системе государства. Соответствует Федеральному государственному образовательному стандарту высшего профессионального образования третьего поколения. Для студентов и преподавателей экономических и юридических факультетов высших учебных заведений, слушателей системы повышения квалификации, практических работников (предпринимателей, руководителей организаций, юристов, экономистов, финансовых менеджеров) и всех интересующихся вопросами финансового права.
|
| 606 |
1 |
|
|a Финансовое право
|2 stltpush
|3 (RuTPU)RU\TPU\subj\63965
|9 80895
|
| 610 |
1 |
|
|a право
|
| 610 |
1 |
|
|a финансы
|
| 610 |
1 |
|
|a финансовая система
|
| 610 |
1 |
|
|a финансовый контроль
|
| 610 |
1 |
|
|a финансово-правовое принуждение
|
| 610 |
1 |
|
|a Российская Федерация
|
| 610 |
1 |
|
|a бюджетное право
|
| 610 |
1 |
|
|a государственные доходы
|
| 610 |
1 |
|
|a правовое регулирование
|
| 610 |
1 |
|
|a публичный кредит
|
| 610 |
1 |
|
|a публичный долг
|
| 610 |
1 |
|
|a муниципальные расходы
|
| 610 |
1 |
|
|a инвестиционное право
|
| 610 |
1 |
|
|a страхование
|
| 610 |
1 |
|
|a обязательное медицинское страхование
|
| 610 |
1 |
|
|a пенсионное страхование
|
| 610 |
1 |
|
|a социальное страхование
|
| 610 |
1 |
|
|a страховые резервы
|
| 610 |
1 |
|
|a эмиссионное право
|
| 610 |
1 |
|
|a денежное обращение
|
| 610 |
1 |
|
|a эмиссия
|
| 610 |
1 |
|
|a банковская деятельность
|
| 610 |
1 |
|
|a валютные операции
|
| 610 |
1 |
|
|a учебные пособия
|
| 686 |
|
|
|a Х622я73
|v LBC/SL-A
|2 rubbk
|
| 702 |
|
1 |
|a Запольский
|b С. В.
|g Сергей Васильевич
|4 340
|
| 712 |
0 |
2 |
|a Российская академия наук (РАН)
|b Институт государства и права (ИГП)
|b Академический правовой институт (АПИ)
|2 stltpush
|3 (RuTPU)RU\TPU\col\18095
|
| 801 |
|
1 |
|a RU
|b 63413507
|c 20140610
|
| 801 |
|
2 |
|a RU
|b 63413507
|c 20150629
|g RCR
|
| 942 |
|
|
|c BK
|
| 959 |
|
|
|a 102/20140609
|d 2
|e 559,00
|f ЧЗГЛ:1
|f АНЛ:1
|